000 00245nam a2200097Ia 4500
008 120527s9999 xx 000 0 und d
100 _aSPRADLEY and Mccurdy
245 _aAnthropology: the cultural perspective
260 _bWave land
942 _cBK
999 _c25582
_d25582